000 00671nam a2200217 a 4500
999 _c3463
_d3463
001 3463
003 BD-JhCC
005 20171115190642.0
008 171111s1980 bg |||| |||| 000 0 ben d
035 _a(BD-JhCC)
040 _aBD-JhCC
_dBD-JhCC
041 _aben
082 _a891.4434
_bYOU 1980
100 _aইউসুফ, ফজলুল হাসান
245 _aমাছের তেলে মাছ ভাজা /
_cফজলুল হাসান ইউসুফ
260 _aঢাকা :
_bবাংলা একাডেমী,
_c১৯৮৪
300 _a37 p. :
_c22 cm.
650 _aBengali short stories
942 _2ddc
_cBK